<?xml version="1.0" encoding="UTF-8"?>
<marc:record xmlns:marc="http://www.loc.gov/MARC21/slim">
   <marc:leader>00000nam a2200000 a 4500</marc:leader>
   <marc:datafield ind1="1" ind2=" " tag="100">
      <marc:subfield code="a">Pinck, Axel</marc:subfield>
      <marc:subfield code="4">aut</marc:subfield>
      <marc:subfield code="e">Verfasser/-in</marc:subfield>
   </marc:datafield>
   <marc:datafield ind1="1" ind2=" " tag="100">
      <marc:subfield code="a">Norden, Lia</marc:subfield>
      <marc:subfield code="4">aut</marc:subfield>
      <marc:subfield code="e">Verfasser/-in</marc:subfield>
   </marc:datafield>
   <marc:datafield ind1=" " ind2=" " tag="653">
      <marc:subfield code="a">Bildband</marc:subfield>
   </marc:datafield>
   <marc:datafield ind1=" " ind2=" " tag="653">
      <marc:subfield code="a">Elbe</marc:subfield>
   </marc:datafield>
   <marc:datafield ind1=" " ind2=" " tag="653">
      <marc:subfield code="a">Hafen</marc:subfield>
   </marc:datafield>
   <marc:datafield ind1=" " ind2=" " tag="653">
      <marc:subfield code="a">Hafencity</marc:subfield>
   </marc:datafield>
   <marc:datafield ind1=" " ind2=" " tag="653">
      <marc:subfield code="a">Hamburg</marc:subfield>
   </marc:datafield>
   <marc:datafield ind1=" " ind2=" " tag="653">
      <marc:subfield code="a">Softcover / Reisen/Bildbände/Deutschland</marc:subfield>
   </marc:datafield>
   <marc:datafield ind1="0" ind2="0" tag="245">
      <marc:subfield code="a">Hamburg</marc:subfield>
   </marc:datafield>
   <marc:datafield ind1="0" ind2="0" tag="245">
      <marc:subfield code="c">Texte Axel Pinck, Cornelia Franz, Hilke Maunder, Marlis von Hessert-Fraatz</marc:subfield>
   </marc:datafield>
   <marc:datafield ind1=" " ind2="1" tag="264">
      <marc:subfield code="a">Ostfildern</marc:subfield>
      <marc:subfield code="b">DuMont</marc:subfield>
      <marc:subfield code="c">2016</marc:subfield>
   </marc:datafield>
   <marc:datafield ind1="1" ind2=" " tag="490">
      <marc:subfield code="a">GeoSaison</marc:subfield>
   </marc:datafield>
   <marc:datafield ind1=" " ind2=" " tag="250">
      <marc:subfield code="a">1. Auflage</marc:subfield>
   </marc:datafield>
   <marc:datafield ind1="1" ind2=" " tag="520">
      <marc:subfield code="a">Angaben aus der Verlagsmeldung

DuMont Bildband Hamburg

Egal, ob als Einstimmung auf eine Reise, als Geschenk für Hamburg-Kenner und solche, die es werden wollen, oder als Erinnerung an einen charmanten Kurztrip - der DuMont Bildband Hamburg fängt das Lebensgefühl der Hansestadt perfekt ein und vermittelt ein frisches, unverbrauchtes Bild der vielbesuchten Metropole. 139 ungewöhnliche Fotografien, verpackt in ein modernes, ästhetisches Layout und kommentiert von anregenden Bildlegenden, lassen die vielen verschiedenen Gesichter Hamburgs lebendig werden - von Hafen, Binnenalster und Michel bis hin zu wenig bekannten Winkeln in den Hamburger Stadtteilen oder in die herrliche Umgebung, z. B. ins Alte Land. Anregend zu lesen sind vor allem die ausführlichen Bildlegenden und die im Magazinstil verfassten DuMont Extras, in denen Themen wie Hamburgs "Kaffeeröstereien" oder die "Hafencity" vertieft werden. Abgerundet wird der Bildband durch eine Übersichtskarte und knappe Kurzbeschreibungen der wichtigsten Sehenswürdigkeiten sowie Daten und Fakten zu Geschichte, Wirtschaft und Politik.
</marc:subfield>
   </marc:datafield>
   <marc:datafield ind1=" " ind2=" " tag="020">
      <marc:subfield code="a">9783770189564</marc:subfield>
      <marc:subfield code="9">9783770189564</marc:subfield>
   </marc:datafield>
   <marc:datafield ind1=" " ind2=" " tag="020">
      <marc:subfield code="a">3770189566</marc:subfield>
      <marc:subfield code="9">3770189566</marc:subfield>
   </marc:datafield>
   <marc:datafield ind1=" " ind2=" " tag="041">
      <marc:subfield code="a">ger</marc:subfield>
   </marc:datafield>
   <marc:datafield ind1=" " ind2=" " tag="300">
      <marc:subfield code="a">182 Seiten</marc:subfield>
   </marc:datafield>
</marc:record>
